|
|
|
|
| LEADER |
00000nab a2200000 a 4500 |
| 001 |
vtls000694560 |
| 003 |
SK-MaSNL |
| 005 |
20260304172957.0 |
| 008 |
140604c1998 xo 0 eng |
| 015 |
|
|
|a SNBRB1999/05-14269
|
| 035 |
|
|
|a CLN000046727
|
| 040 |
|
|
|a SNKBUCL
|b slo
|c SNKBUCL
|e AACR2
|
| 041 |
0 |
|
|a eng
|
| 044 |
|
|
|a xo
|c SK
|
| 080 |
|
|
|a 669.33
|2 1997
|
| 245 |
0 |
0 |
|a a
|
| 300 |
|
|
|b Obr., tab.
|
| 504 |
|
|
|a Bibliogr. odkazy
|
| 650 |
0 |
7 |
|a meď
|2 SNKPH
|
| 650 |
0 |
7 |
|a pyrometalurgia
|2 SNK
|9 20540
|
| 655 |
|
7 |
|a články z novín a časopisov
|2 SNK
|9 267496
|
| 700 |
1 |
|
|a Imriš, Ivan,
|d 1943-
|4 aut
|9 223379
|
| 700 |
1 |
|
|a Rebolledo, S.
|4 aut
|9 1502932
|
| 700 |
1 |
|
|a Sánchez, M.
|4 aut
|9 1502933
|
| 700 |
1 |
|
|a Castro, S.
|4 aut
|9 1502934
|
| 700 |
1 |
|
|a Achurra, G.
|4 aut
|9 1502935
|
| 700 |
1 |
|
|a Hernandez, F.
|4 aut
|9 1344154
|
| 773 |
0 |
|
|t Acta metallurgica slovaca
|g Roč. 4, Special Issue 3 (1998), s. 69-78
|x 1335-1532
|
| 850 |
|
|
|a Slovenská národná knižnica v Martine
|
| 852 |
|
|
|a SNK
|b KIS3GCP
|
| 958 |
|
|
|a NB
|
| 992 |
|
|
|a RBX
|
| 999 |
|
|
|c 3000992
|d 3002922
|